=LDR 00000nam 2200000 4500 =001 NUTBA000000000002517 =005 20140618151612.0 =006 =007 =008 =020 ##$$a 979-002-187-9 =035 ##$$a 0010-061400000000460 =040 ##$$a NBPDMAT =082 ##$$a 633.74 =090 ##$$a 633.74 $b Pan p =245 ##$$a Panduan lengkap kakao / $c Editor T.Wahyudi, T.R.Panggabean, Pujiyanto =250 ##$$a Cet.3 =260 ##$$a Jakarta : $b Penebar Swadaya, $c 2003 =300 ##$$a iv, 354 hlm. : $b ilus. ; $c 26 cm. =500 ##$$a Bibliografi : hlm. 351 =650 ##$$a Pujiyanto =700 ##$$a T.R.Panggabean =850 ##$$a NBPDMAT =990 ##$$a 21403187